| 000 | 00836nam a22002177a 4500 | ||
|---|---|---|---|
| 003 | 0 | ||
| 005 | 20250109160049.0 | ||
| 008 | 250109b xxu||||| |||| 00| 0 eng d | ||
| 050 |
_aBF 353.5 _b.At88 2024 |
||
| 100 | _aAtup, Jess Anthony | ||
| 245 |
_aClimate change anxiety and social hopelessness as correlates to general anxiety disorder symptoms among corporate professionals _cJess Anthony Atup |
||
| 260 |
_aLas Piñas City _bSouthville International School and Colleges _c2024 |
||
| 300 |
_ax, 426 pages ; _c28cm. |
||
| 504 | _aIncludes bibliographical references and index. | ||
| 650 | _aAnxiety disorders. | ||
| 650 | _aSocial psychology. | ||
| 650 | _aClimate change—Psychological aspects. | ||
| 650 | _aCorporate professionals—Mental health. | ||
| 650 | _aHopelessness—Psychological aspects. | ||
| 942 |
_2lcc _cTH |
||
| 999 |
_c366967 _d366967 |
||